La femme et le sexe /

Bibliographic Details
Main Author: Gendron, Lionel, 1924-
Format: Book
Language:French
Published: Montréal : Les Éditions de l'homme, [1967]
Subjects:

MARC

Tag First Indicator Second Indicator Subfields
LEADER 00000cam a2200000 a 4500
001 in00001011621
005 20150927220355.0
008 811016s1967 cn 00000 fre d
035 |a (OCoLC)07853614 
035 |9 AFD7127AM 
040 |a WZW  |c WZW  |d TXA  |d UtOrBLW 
049 |a TXAM 
090 |a HQ29  |b .G46 1967 
092 |a 612.6  |b G325d 
100 1 |a Gendron, Lionel,  |d 1924- 
245 1 3 |a La femme et le sexe /  |c Lionel Gendron. 
264 1 |a Montréal :  |b Les Éditions de l'homme,  |c [1967] 
264 4 |c ©1967 
300 |a 139 pages ;  |c 21 cm. 
336 |a text  |b txt  |2 rdacontent 
337 |a unmediated  |b n  |2 rdamedia 
338 |a volume  |b nc  |2 rdacarrier 
650 0 |a Women  |x Sexual behavior. 
650 0 |a Sex instruction for women. 
650 0 |a Sex in marriage. 
999 |a MARS 
999 f f |s f7f79fd8-29c8-34f8-8c4e-7dbeffb9778c  |i d30c6f01-8624-3613-b5ea-9f82269863f5  |t 0 
952 f f |p ric  |a Texas A&M University  |b Rellis Campus  |c Joint Library Facility  |d Remote Storage  |t 0  |e HQ29 .G46 1967  |h Library of Congress classification  |i unmediated -- volume  |m A14814382128 
998 f f |a HQ29 .G46 1967  |t 0  |l Remote Storage